Catálogo público

El chayote / (Record no. 106924)

MARC details
000 -CABECERA
campo de control de longitud fija 01125nam a2200337 a 4500
001 - NÚMERO DE CONTROL
campo de control 000110462
003 - IDENTIFICADOR DEL NÚMERO DE CONTROL
campo de control CHAP
005 - FECHA Y HORA DE LA ÚLTIMA TRANSACCIÓN
campo de control 20220329144134.0
008 - DATOS DE LONGITUD FIJA--INFORMACIÓN GENERAL
campo de control de longitud fija 140829s2010 mx a |r| |||||||spa d
010 ## - NÚMERO DE CONTROL DE LA BIBLIOTECA DEL CONGRESO
Número de control de LC 106924
011 ## - ENLACE DEL NUMERO DE CONTROL DE LA BIBLIOTECA DEL CONGRESO [OBSOLETO]
Número de control de LC 107896
020 ## - NÚMERO INTERNACIONAL ESTÁNDAR DEL LIBRO
Número Internacional Estándar del Libro 9786077533801
040 ## - FUENTE DE LA CATALOGACIÓN
Centro/agencia transcriptor CHAP
090 ## - LOCALMENTE ASIGNADO TIPO-LC NÚMERO DE CLASIFICACIÓN (OCLC); NÚMERO DE CLASIFICACIÓN LOCAL (RLIN)
Número de clasificación (OCLC) (R) ; Numero de clasificación, CALL (RLIN) (NR) Folleto 18461
100 1# - ENTRADA PRINCIPAL--NOMBRE DE PERSONA
Nombre de persona Cadena Iñiguez, Jorge
9 (RLIN) 128146
245 13 - MENCIÓN DE TÍTULO
Título El chayote /
Mención de responsabilidad, etc. por Jorge Cadena Iñiguez y María de Lourdes Catalina Arevalo Galarza.
260 ## - PUBLICACIÓN, DISTRIBUCIÓN, ETC.
Lugar de publicación, distribución, etc. México, D.F. :
Nombre del editor, distribuidor, etc. Grupo Interdisiplinario de Investigacion en Sechium edule en México
-- C.P.,
Fecha de publicación, distribución, etc. 2010.
300 ## - DESCRIPCIÓN FÍSICA
Extensión 17 p. :
Otras características físicas il.
590 ## - NOTA LOCAL (RLIN)
Nota local E5652GLJ
Procedencia (VM) [OBSOLETO] 05
Condición del los carretes individuales (VM) [OBSOLETO] 20140829
-- UCH01
-- 1441
590 ## - NOTA LOCAL (RLIN)
Nota local E5652GLJ
Procedencia (VM) [OBSOLETO] 05
Condición del los carretes individuales (VM) [OBSOLETO] 20140902
-- UCH01
-- 0916
650 14 - PUNTO DE ACCESO ADICIONAL DE MATERIA--TÉRMINO DE MATERIA
Término de materia o nombre geográfico como elemento de entrada Chayote
Subdivisión general Conservación.
9 (RLIN) 128148
650 14 - PUNTO DE ACCESO ADICIONAL DE MATERIA--TÉRMINO DE MATERIA
Término de materia o nombre geográfico como elemento de entrada Chayote
Subdivisión general Cultivo.
9 (RLIN) 128147
650 14 - PUNTO DE ACCESO ADICIONAL DE MATERIA--TÉRMINO DE MATERIA
Término de materia o nombre geográfico como elemento de entrada Chayote
Subdivisión general Fisiología y morfología.
9 (RLIN) 22085
650 14 - PUNTO DE ACCESO ADICIONAL DE MATERIA--TÉRMINO DE MATERIA
Término de materia o nombre geográfico como elemento de entrada Chayote
Subdivisión general Rendimiento.
9 (RLIN) 22089
650 14 - PUNTO DE ACCESO ADICIONAL DE MATERIA--TÉRMINO DE MATERIA
Término de materia o nombre geográfico como elemento de entrada Chayote
Subdivisión general Tecnología postcosecha.
9 (RLIN) 22090
650 14 - PUNTO DE ACCESO ADICIONAL DE MATERIA--TÉRMINO DE MATERIA
Término de materia o nombre geográfico como elemento de entrada Chayote
Subdivisión general Variedades.
9 (RLIN) 128161
700 0# - PUNTO DE ACCESO ADICIONAL--NOMBRE DE PERSONA
Nombre de persona Arévalo Galarza, María de Lourdes Catalina.
9 (RLIN) 7312
901 ## - ELEMENTOS DE DATOS A LOCAL LDA (RLIN)
a BK
942 ## - ELEMENTOS DE PUNTO DE ACCESO ADICIONAL (KOHA)
Tipo de ítem Koha Folleto
942 ## - ELEMENTOS DE PUNTO DE ACCESO ADICIONAL (KOHA)
Suprimir en OPAC 0
Holdings
Estado de retiro Estado de pérdida Fuente del sistema de clasificación o colocación Estado dañado Restricciones de uso No para préstamo Código de colección Localización permanente Ubicación/localización actual Ubicación en estantería Fecha de adquisición Información codificada de la localización en otra ubicación Total de préstamos Signatura topográfica completa Código de barras Fecha visto por última vez Precio válido a partir de Tipo de ítem Koha Número de copia Fecha del último préstamo
    Clasificación Universidad Autónoma de Chapingo   Préstamo interno   Folletos Biblioteca Central Biblioteca Central Planta alta - Área de Tesis - Folletos 29/08/2014 FOLL   Folleto 18461 v.1 33724002420124 31/12/2019 29/08/2014 Folleto    
    Clasificación Universidad Autónoma de Chapingo   Préstamo 3 días   Folletos Biblioteca Central Biblioteca Central Planta alta - Área de Tesis - Folletos 29/08/2014 FOLL   Folleto 18461 v.1 33724002420165 31/12/2019 29/08/2014 Folleto c.2  
    Clasificación Universidad Autónoma de Chapingo   Préstamo 3 días   Folletos Biblioteca Central Biblioteca Central Planta alta - Área de Tesis - Folletos 29/08/2014 FOLL   Folleto 18461 v.1 33724002420207 31/12/2019 29/08/2014 Folleto c.3  
    Clasificación Universidad Autónoma de Chapingo   Préstamo interno   Folletos Biblioteca Central Biblioteca Central Planta alta - Área de Tesis - Folletos 29/08/2014 FOLL   Folleto 18461 v.2 33724002420248 31/12/2019 29/08/2014 Folleto    
    Clasificación Universidad Autónoma de Chapingo   Préstamo 3 días   Folletos Biblioteca Central Biblioteca Central Planta alta - Área de Tesis - Folletos 29/08/2014 FOLL 1 Folleto 18461 v.2 33724002420280 14/02/2023 29/08/2014 Folleto c.2 14/02/2023
    Clasificación Universidad Autónoma de Chapingo   Préstamo 3 días   Folletos Biblioteca Central Biblioteca Central Planta alta - Área de Tesis - Folletos 29/08/2014 FOLL   Folleto 18461 v.2 33724002420322 31/12/2019 29/08/2014 Folleto c.3  
    Clasificación Universidad Autónoma de Chapingo   Préstamo interno   Folletos Biblioteca Central Biblioteca Central Planta alta - Área de Tesis - Folletos 29/08/2014 FOLL   Folleto 18461 v.3 33724002420363 31/12/2019 29/08/2014 Folleto    
    Clasificación Universidad Autónoma de Chapingo   Préstamo 3 días   Folletos Biblioteca Central Biblioteca Central Planta alta - Área de Tesis - Folletos 29/08/2014 FOLL 1 Folleto 18461 v.3 33724002420405 27/02/2023 29/08/2014 Folleto c.2 20/02/2023
    Clasificación Universidad Autónoma de Chapingo   Préstamo 3 días   Folletos Biblioteca Central Biblioteca Central Planta alta - Área de Tesis - Folletos 29/08/2014 FOLL   Folleto 18461 v.3 33724002420446 31/12/2019 29/08/2014 Folleto c.3